000 00700nam a22002417a 4500
003 UA-OsUOA
001 117553
007 ta
008 20160531b un ||||| |||| 00| 0 ukr d
100 _aМельничук Я. Б.
090 _a82.09(477)
_bМ48
942 _cBK
040 _aUA-OsUOA
_bukr
_cUA-OsUOA
_dUA-OsUOA
245 _a20 есеїв про Ольгу Кобилянську та її поціновувачів
300 _a232 с.
955 _a1
041 _aukr
080 _a82.09(477)
020 _a978-966-399-619-6
260 _aЧернівці
_bБукрек
_c2014
650 7 _a82 Література. Літературознавство
_2UDC
999 _c403583
_d403583